Ekonomičeskoje regulirovanije techničeskogo urovnja kačestva produkcii /

Gespeichert in:
Bibliographische Detailangaben
1. Verfasser: Lapikus, S.T (Verfasst von)
Format: Buch
Sprache:Russisch
Veröffentlicht: Kišiniev : Štiinca, 1975
Tags: Tag hinzufügen
Keine Tags, Fügen Sie das erste Tag hinzu!

MARC

LEADER 00000nam a22000003a 4500
001 stu38548
005 20150617225724.7
008 921105s1975----xxr-----------------rus-d
040 |a STU  |b slo 
041 0 |a rus 
044 |a xxr 
100 1 |a Lapikus, S.T  |4 aut 
245 1 |a Ekonomičeskoje regulirovanije techničeskogo urovnja kačestva produkcii /  |c [aut.]S.T. Lapikus 
260 |a Kišiniev :  |b Štiinca,  |c 1975 
300 |a 97 s 
996 |b 284M011912  |c M*5952-1  |l MMKN  |s A  |a 24  |w stu38548_0001